| 000 | 06682ncm0a2200661 4500 | ||
|---|---|---|---|
| 001 | RU\NLR\ONIZ\212380 | ||
| 005 | 20260406144843.0 | ||
| 010 | _z7-5632-3457-3 | ||
| 035 | _a(NLR Aleph) 010891906 | ||
| 090 |
_a10558738 _c10558738 |
||
| 100 | _a20150722d1995 |||y0rusy50 ca | ||
| 101 | 0 | _arus | |
| 102 | _aRU | ||
| 125 |
_amx _co |
||
| 128 | _asg | ||
| 128 | _armc | ||
| 145 | 0 | _ac | |
| 200 | 1 |
_aЖивет в душе Есенин _bНоты _eпесни и романсы _e[для голоса в сопровожд. баяна, аккордеона или гитары] _fА. Ляпина _gна стихи Ю. Волкова |
|
| 210 |
_aМосква _c[Б. и.] _d1995 |
||
| 215 |
_a39 с. _cил. _d20 см |
||
| 300 | _aНа с. 38 свед. об авторах | ||
| 313 | _aСистематизация документа проведена по изданию - Методика классифицирования музыкальных произведений (нотных изданий) по таблицам Библиотечно-библиографических классификаций : метод. рекомендации / Гос. б-ка СССР им. В.И. Ленина.- М., 1977. Индексу ББК методических рекомендаций присваивается код ББК для научных библиотек - LBC/SL | ||
| 327 | 1 |
_a1. Живет в душе Есенин : "Над планетой плывут дни весенние..."; _a2. Константиново; _a3. Черемушные холода : "Березки хоровод водили..."; _a4. Есенинская русь : "Моя Родина не отринулась..."; _a5. Давно я не был у Есенина : "А небо светится осеннее..."; _a6. Есенинский вальс : "Есенинская музыка..."; _a7. Голубая звезда Есенина : "Сверкают огнями мятежно..."; _a8. Есенинский романс : "Сегодня по-есенински мне грустно..."; _a9. День рождения : "Пахнет медом ромашковым слово..."; _a10. А Есенин всегда молодой : "Шелестят белоснежно березы..."; _a11. Поют Есенина : "Закат горит сиренево-красный..."; _a12. Эх, гитару мне дай-ка; _a13. Идет по России Есенин : "Умаялся дождик весенний..."; _a14. Есенинское танго : "Не прощаясь, до утра не расставаясь..."; _a15. Черемуховый снег : "Снег черемуховый нежный..."; _a16. Матери Есенина : "И уходит тоска..."; _a17. Элегия Есенину : "Океан любви в весенней песне..." |
|
| 464 | 0 |
_12001#$aЖивет в душе Есенин$e"Над планетой плывут дни весенние..." _1215##$aС.3-4 _tЖивет в душе Есенин |
|
| 464 | 0 |
_12001#$aКонстантиново _1215##$aС.5-6 _tКонстантиново |
|
| 464 | 0 |
_12001#$aЧеремушные холода$e"Березки хоровод водили..." _1215##$aС.7-8 _tЧеремушные холода |
|
| 464 | 0 |
_12001#$aЕсенинская русь$e"Моя Родина не отринулась..." _1215##$aС.9-10 _tЕсенинская русь |
|
| 464 | 0 |
_12001#$aДавно я не был у Есенина$e"А небо светится осеннее..." _1215##$aС.11-12 _tДавно я не был у Есенина |
|
| 464 | 0 |
_12001#$aЕсенинский вальс$e"Есенинская музыка..." _1215##$aС.13-15 _tЕсенинский вальс |
|
| 464 | 0 |
_12001#$aГолубая звезда Есенина$e"Сверкают огнями мятежно..." _1215##$aС.16 _tГолубая звезда Есенина |
|
| 464 | 0 |
_12001#$aЕсенинский романс$e"Сегодня по-есенински мне грустно..." _1215##$aС.17 _tЕсенинский романс |
|
| 464 | 0 |
_12001#$aДень рождения$e"Пахнет медом ромашковым слово..." _1215##$aС.18-19 _tДень рождения |
|
| 464 | 0 |
_12001#$aА Есенин всегда молодой$e"Шелестят белоснежно березы..." _1215##$aС.20-21 _tА Есенин всегда молодой |
|
| 464 | 0 |
_12001#$aПоют Есенина$e"Закат горит сиренево-красный..." _1215##$aС.22-23 _tПоют Есенина |
|
| 464 | 0 |
_12001#$aЭх, гитару мне дай-ка _1215##$aС.24-25 _tЭх, гитару мне дай-ка |
|
| 464 | 0 |
_12001#$aИдет по России Есенин$e"Умаялся дождик весенний..." _1215##$aС.26-28 _tИдет по России Есенин |
|
| 464 | 0 |
_12001#$aЕсенинское танго$e"Не прощаясь, до утра не расставаясь..." _1215##$aС.29-30 _tЕсенинское танго |
|
| 464 | 0 |
_12001#$aЧеремуховый снег$e"Снег черемуховый нежный..." _1215##$aС.31-32 _tЧеремуховый снег |
|
| 464 | 0 |
_12001#$aМатери Есенина$e"И уходит тоска..." _1215##$aС.33-35 _tМатери Есенина |
|
| 464 | 0 |
_12001#$aЭлегия Есенину$e"Океан любви в весенней песне..." _1215##$aС.36-37 _tЭлегия Есенину |
|
| 606 | 1 |
_aВокальная музыка России _yРоссия _z20-21 вв. _jНоты _2nlr_sh |
|
| 606 | 1 |
_aЕсенин в музыке _yРоссия _z20-21 вв. _jНоты _2nlr_sh |
|
| 686 |
_aЩ943.4-64-043.3(2Р)я44 _vLBC/SL _2rubbk |
||
| 686 |
_aЩ943.4-47-043.4(2Р)я44 _vLBC/SL _2rubbk |
||
| 700 | 1 |
_9z01790 _aЛяпин _bА. Д. _f1939– _gАркадий Дмитриевич _4230 |
|
| 702 | 1 |
_4520 _8rus _7ca _aВолков _bЮ. А. _cпоэт _f1948- _gЮрий Александрович _3RU\NLR\AUTH\7780378 _963306 |
|
| 702 | 1 |
_4245 _8rus _7ca _aЕсенин _bС. А. _f1895-1925 _gСергей Александрович _3RU\NLR\AUTH\774376 _9114357 |
|
| 790 | 1 |
_9z01700 _aLyapin _bA. D. _f1939– _gArkadij Dmitrievich _4230 |
|
| 790 | 1 |
_9z03702 _aVolkov _bYu. A. _gYurij Aleksandrovich _4520 |
|
| 790 | 1 |
_4245 _8rus _7ca _aEsenin _bS. A. _f1895-1925 _gSergej Aleksandrovič _3RU\NLR\AUTH\7717292 _9381 |
|
| 801 | 0 |
_aRU _bNLR _c20150722 _gPSBO |
|
| 801 | 1 |
_aRU _bNLR _c20150722 _2rusmarc |
|
| 801 | 2 |
_aRU _bNLR _c20151105 |
|
| 852 |
_aNLR _bМ _j986/635 _p278258 _t1 |
||
| 942 | _cSCORE | ||
| 980 | _aNB | ||
| 980 | _aONIZ | ||